Word Ladder: The 5th Beatle Quiz Stats

 Plays Quiz Updated Aug 26, 2014

Support Sporcle.
Go Orange.
Score 0/14 Timer 01:30
0 Plays Today
Clue 4-Letter Word % Correct
The bottom of a shoeSOLE
97.5%
A time for deals at a storeSALE
96.4%
One from WarsawPOLE
92.6%
Former Brazilian soccer greatPELÉ
91.4%
NaCl, e.g.SALT
91%
Sitcom set in the Korean WarM*A*S*H
88.9%
A net-like fabricMESH
85.7%
Clue 4-Letter Word % Correct
A relative of a cabinet or a milkshakeMALT
84.2%
Richard Henry Dana's 'Two Years before the ___'MAST
77.7%
With [Last Rung], the original drummer for the Beatles, aka the 5th BeatlePETE
74.2%
Harry Truman's wifeBESS
72.1%
Thomas Hardy's '___ of the d'Urbervilles'TESS
71.4%
Former 'Entertainment Tonight' host JohnTESH
70.8%
With [First Rung], the original drummer for the Beatles, aka the 5th BeatleBEST
67.1%

Today's Daily Dose

Missing Word
2Pac (A-Z)

Word Ladder
EST Words

Quick Pick
NBA MVP

Get the Picture
'A' Animals

You're not logged in!

Compare scores with friends on all Sporcle quizzes.
OR
Log In

From the Vault

Movies by Actor (A-Z) II

by sproutcm

We just might pay to see some of the actors recite the alphabet.
Remove Ads.
Support Sporcle.
Get the best of Sporcle when you Go Orange. This ad-free experience offers more features, more stats, and more fun while also helping to support Sporcle. Thank you for becoming a member.

Show Comments

Extras

Top Quizzes Today


Score Distribution

Your Account Isn't Verified!

In order to create a playlist on Sporcle, you need to verify the email address you used during registration. Go to your Sporcle Settings to finish the process.

Report this User

Report this user for behavior that violates our Community Guidelines.

Details: